| 000 | 00710nam a2200169Ia 4500 | ||
|---|---|---|---|
| 008 | 090711s9999 xx 000 0 und d | ||
| 082 | _b65209 | ||
| 100 | _aपवार शरद / रुपवते दादासाहेब | ||
| 245 | _aमहाराष्ट्र : एक दृष्टीकोन | ||
| 260 | _c1989 | ||
| 300 | _a213 | ||
| 600 | _aपवार शरद / रुपवते दादासाहेब | ||
| 630 | _aमहाराष्ट्र : एक दृष्टीकोन | ||
| 700 | _aपवार शरद / रुपवते दादासाहेब | ||
| 730 | _aमहाराष्ट्र : एक दृष्टीकोन | ||
| 942 | _cBOOK | ||
| 999 |
_c294607 _d294607 |
||